Angelina ballerina. (Record no. 81803)
[ view plain ]
| 000 -LEADER | |
|---|---|
| fixed length control field | 02802cgm a2200625Ka 4500 |
| 001 - CONTROL NUMBER | |
| control field | ocn758519712 |
| 003 - CONTROL NUMBER IDENTIFIER | |
| control field | OCoLC |
| 005 - DATE AND TIME OF LATEST TRANSACTION | |
| control field | 20241220131802.0 |
| 008 - FIXED-LENGTH DATA ELEMENTS--GENERAL INFORMATION | |
| fixed length control field | 111025s2012 xxu061 a vaeng d |
| 007 - PHYSICAL DESCRIPTION FIXED FIELD--GENERAL INFORMATION | |
| fixed length control field | vd cvaizs |
| 040 ## - CATALOGING SOURCE | |
| Original cataloging agency | TEFMT |
| Transcribing agency | TEFMT |
| Modifying agency | TEF |
| -- | KYB |
| -- | UINTA |
| 024 1# - OTHER STANDARD IDENTIFIER | |
| Standard number or code | 884487111455 |
| 028 42 - PUBLISHER NUMBER | |
| Publisher number | H181786 |
| Source | Hit Entertainment |
| 035 ## - SYSTEM CONTROL NUMBER | |
| System control number | (OCoLC)758519712 |
| 037 ## - SOURCE OF ACQUISITION | |
| Source of stock number/acquisition | Midwest Tape |
| Note | http://www.midwesttapes.com |
| 041 1# - LANGUAGE CODE | |
| Language code of text/sound track or separate title | eng |
| -- | fre |
| -- | spa |
| -- | eng |
| Language code of original and/or intermediate translations of text | eng |
| 050 #4 - LIBRARY OF CONGRESS CALL NUMBER | |
| Classification number | PN1992.77 |
| Item number | .A6445 2012 |
| 082 04 - DEWEY DECIMAL CLASSIFICATION NUMBER | |
| Classification number | 791.45/72 |
| Edition number | 23 |
| 049 ## - LOCAL HOLDINGS (OCLC) | |
| Holding library | UCLB |
| 092 ## - LOCALLY ASSIGNED DEWEY CALL NUMBER (OCLC) | |
| Classification number | 791.457 |
| 130 0# - MAIN ENTRY--UNIFORM TITLE | |
| Uniform title | Angelina Ballerina (Television program). |
| Form subheading | Selections. |
| 9 (RLIN) | 6230285 |
| 245 10 - TITLE STATEMENT | |
| Title | Angelina ballerina. |
| Name of part/section of a work | Sweet valentine |
| Medium | [videorecording] / |
| Statement of responsibility, etc | director, Davis Doi. |
| 246 30 - VARYING FORM OF TITLE | |
| Title proper/short title | Sweet valentine |
| 260 ## - PUBLICATION, DISTRIBUTION, ETC. (IMPRINT) | |
| Place of publication, distribution, etc | [United States] : |
| Name of publisher, distributor, etc | Hit Entertainment, |
| Date of publication, distribution, etc | [2012] |
| 300 ## - PHYSICAL DESCRIPTION | |
| Extent | 1 videodisc (61 min.) : |
| Other physical details | sd., col. ; |
| Dimensions | 4 3/4 in. |
| 538 ## - SYSTEM DETAILS NOTE | |
| System details note | DVD ; 2.0 Dolby digital ; widescreen. |
| 546 ## - LANGUAGE NOTE | |
| Language note | English, French or Spanish dialogue; Closed-captioned. |
| 500 ## - GENERAL NOTE | |
| General note | Title from web page. |
| 500 ## - GENERAL NOTE | |
| General note | Release date: Jan. 3, 2012. |
| 511 0# - PARTICIPANT OR PERFORMER NOTE | |
| Participant or performer note | Voices: Charlotte Spencer, Leah Zabari, Naomi MacDonald. |
| 500 ## - GENERAL NOTE | |
| General note | Originally broadcast on PBS and Sprout as episodes of the television program in 2011. |
| 521 ## - TARGET AUDIENCE NOTE | |
| Target audience note | Rating: Not rated. |
| 520 ## - SUMMARY, ETC. | |
| Summary, etc | Love and friendship take center stage in these sweet stories. Angelina uncovers the mystery of her secret admirer with some help from her friends. Angelina and Alice help Marco realize the true importance of helping his friends. The students celebrate Ms. Mimi and although it may have been for the wrong reason, they do it with a lot of heart! And when Angelina and her girlfriends try to make a girls' club, they realize a friendship club is much sweeter. |
| 500 ## - GENERAL NOTE | |
| General note | Special features: Angelina's special dance club ; Get up and dance music video. |
| 650 #0 - SUBJECT ADDED ENTRY--TOPICAL TERM | |
| Topical term or geographic name as entry element | Friendship |
| Form subdivision | Juvenile films. |
| 9 (RLIN) | 5675516 |
| 650 #0 - SUBJECT ADDED ENTRY--TOPICAL TERM | |
| Topical term or geographic name as entry element | Mice |
| Form subdivision | Juvenile films. |
| 9 (RLIN) | 5705009 |
| 650 #7 - SUBJECT ADDED ENTRY--TOPICAL TERM | |
| Topical term or geographic name as entry element | Amistad |
| Form subdivision | Teatro juvenil. |
| Source of heading or term | bidex |
| 9 (RLIN) | 5777031 |
| 650 #7 - SUBJECT ADDED ENTRY--TOPICAL TERM | |
| Topical term or geographic name as entry element | Ratones |
| Form subdivision | Teatro juvenil. |
| Source of heading or term | bidex |
| 9 (RLIN) | 5770060 |
| 650 #4 - SUBJECT ADDED ENTRY--TOPICAL TERM | |
| Topical term or geographic name as entry element | Children's films. |
| 9 (RLIN) | 6230286 |
| 650 #4 - SUBJECT ADDED ENTRY--TOPICAL TERM | |
| Topical term or geographic name as entry element | Animated. |
| 9 (RLIN) | 6230287 |
| 650 #4 - SUBJECT ADDED ENTRY--TOPICAL TERM | |
| Topical term or geographic name as entry element | Preschool. |
| 9 (RLIN) | 6230288 |
| 655 #7 - INDEX TERM--GENRE/FORM | |
| Genre/form data or focus term | Children's television programs. |
| Source of term | lcgft |
| 9 (RLIN) | 6230289 |
| 655 #7 - INDEX TERM--GENRE/FORM | |
| Genre/form data or focus term | Animated television programs. |
| Source of term | lcgft |
| 9 (RLIN) | 6230290 |
| 655 #7 - INDEX TERM--GENRE/FORM | |
| Genre/form data or focus term | Video recordings for the hearing impaired. |
| Source of term | lcgft |
| 9 (RLIN) | 6230291 |
| 700 1# - ADDED ENTRY--PERSONAL NAME | |
| Personal name | Doi, Davis. |
| 9 (RLIN) | 66799 |
| 700 1# - ADDED ENTRY--PERSONAL NAME | |
| Personal name | Spencer, Charlotte. |
| 9 (RLIN) | 5675545 |
| 700 1# - ADDED ENTRY--PERSONAL NAME | |
| Personal name | Zabari, Leah. |
| 9 (RLIN) | 5867900 |
| 700 1# - ADDED ENTRY--PERSONAL NAME | |
| Personal name | Macdonald, Naomi. |
| 9 (RLIN) | 5867899 |
| 710 2# - ADDED ENTRY--CORPORATE NAME | |
| Corporate name or jurisdiction name as entry element | HIT Entertainment. |
| 9 (RLIN) | 66216 |
| 710 2# - ADDED ENTRY--CORPORATE NAME | |
| Corporate name or jurisdiction name as entry element | Public Broadcasting Service (U.S.) |
| 9 (RLIN) | 27534 |
| 710 2# - ADDED ENTRY--CORPORATE NAME | |
| Corporate name or jurisdiction name as entry element | Sprout (Television network) |
| 9 (RLIN) | 5859882 |
| 942 ## - ADDED ENTRY ELEMENTS (KOHA) | |
| Koha item type | DVD |
| 994 ## - | |
| -- | C0 |
| -- | UINTA |
| 998 ## - LOCAL CONTROL INFORMATION (RLIN) | |
| -- | a148935 |
| Withdrawn status | Lost status | Source of classification or shelving scheme | Damaged status | Not for loan | Collection code | Home library | Current library | Shelving location | Date acquired | Source of acquisition | Total Checkouts | Total Renewals | Full call number | Barcode | Date last seen | Date checked out | Cost, replacement price | Price effective from | Koha item type |
|---|---|---|---|---|---|---|---|---|---|---|---|---|---|---|---|---|---|---|---|
| Dewey Decimal Classification | Children Movies | Wasatch County Library | Wasatch County Library | Audio Visual Area | 09/21/2023 | Amazon | 7 | 10 | E DVD Angelina | 34301002039958 | 03/31/2025 | 03/17/2025 | 14.71 | 09/21/2023 | DVD |
